Normal view
MARC view
- Wilderness, Battle of the, Va., 1864
Entry Topical Term
001 - CONTROL NUMBER
- control field: 50043
003 - CONTROL NUMBER IDENTIFIER
- control field: NUST
005 - DATE AND TIME OF LATEST TRANSACTION
- control field: 20210314134519.0
008 - FIXED-LENGTH DATA ELEMENTS
- fixed length control field: 210314|| aca||aabn | a|a d
040 ## - CATALOGING SOURCE
- Original cataloging agency: NUST
- Transcribing agency: NUST
150 ## - HEADING--TOPICAL TERM
- Topical term or geographic name entry element: Wilderness, Battle of the, Va., 1864
670 ## - SOURCE DATA FOUND
- Source citation: Work cat.: (NUST): Atkinson, Charles Francis, 46050, Grant's campaigns of 1864 and 1865, 1908.
